00380 a2200109 4500001001000000005001700010008004100027245006300068100002900131773009300160999001700253ART_2450020260410161934.0260409a 10aFuentes del crecimiento económico en Argentina 1990-20041 aCoremberg, Ariel Alberto0 tRevista de Economía Política de Buenos Airesg- Año 1, Nº 2 (nov. 2007)wREV23982 c28839d28839